00634 a2200169 4500008004100000010001400041020002600055035001300081037001800094082001200112245005000124260004600174300003000220490014500250500005000395700001900445100719t xxu||||| |||| 00| 0 eng d aENG-88973 c595.00a9780195690767 aEN-72506 bD.B.Act / Pub a954.083 aThe 1857 rebellion /cedited by Biswamoy Pati aNew DelhibOxford University Pressc2008 axliii, 324p.c22 cm ( Hb) aOxford in India readings: debates in Indian history and society/edited by Sayasachi Bhattacharya, B.D. Chattopadhyaya [and] Richard M. Eaton aIncludes bibliographical references and index aPati, Biswamoy